Ecological methods: with particular referance to the study of insects populations
Salvato in:
| Autore principale: | |
|---|---|
| Natura: | Libro |
| Lingua: | inglese |
| Pubblicazione: |
Londres
Chapman and Hall
1976
|
| Soggetti: | |
| Tags: |
Aggiungi Tag
Nessun Tag, puoi essere il primo ad aggiungerne!!
|
MARC
| LEADER | 00000nam a2200000 a 4500 | ||
|---|---|---|---|
| 001 | UCU3347 | ||
| 003 | CL-VaPUC | ||
| 008 | 960510e19760000UK |||||||||||||||||eng|d | ||
| 082 | 0 | 4 | |a 595.7 |b SOU |2 21 |
| 100 | 0 | |a Southwood, T. R. E |e author |9 360225 | |
| 245 | 1 | 0 | |a Ecological methods: with particular referance to the study of insects populations |
| 300 | |a 391 p | ||
| 942 | |c BK | ||
| 945 | |d 19960510 00:00:00 |a rbrito | ||
| 260 | |a Londres |b Chapman and Hall |c 1976 | ||
| 650 | 7 | |a POBLACION ANIMAL |2 CL-VaPUC |9 261591 | |
| 650 | 0 | |a Insectos |9 264174 | |
| 650 | 0 | |a Invertebrados |9 261302 | |
| 650 | 0 | |a Animales |9 269820 | |
| 650 | 0 | |a Vertebrados |9 320144 | |
| 650 | 7 | |a HABITAT |2 CL-VaPUC |9 267395 | |
| 650 | 0 | |a Ecosistemas acuáticos |9 343699 | |
| 650 | 0 | |a Agua dulce |9 338535 | |
| 650 | 7 | |a FAUNA |2 CL-VaPUC |9 349523 | |
| 650 | 0 | |a Aire |9 261540 | |
| 650 | 0 | |a Plantas |9 264555 | |
| 583 | |a last modification |c 19960510 00:00:00 |k Rodrigo Vera | ||
| 999 | |c 247379 |d 247377 | ||